Relioginistická a teologická interpretácia mýtu

Bibliographic Details
Main Author: Slodička, Andrej, 1971- (Author)
Format: Article
Language:Slovak

MARC

LEADER 00000nab a2200000 a 4500
001 vtls011111385
003 SK-MaSNL
005 20260303150445.0
008 230222|2009 xo |||||||||||||||||slo|
015 |a SNBRB 
035 |a (uuid)8448443e-f31f-4bf7-96b5-360b2ce1420b 
035 |a (urnnbn)urn:nbn:sk:snk:ar-a08fdg 
035 |a urn:nbn:sk:snk-ab9i02 
040 |a SNKBUCL  |b slo  |c SNKBUCL  |e AACR2 
041 0 |a slo 
044 |a xo  |c SK 
100 1 |a Slodička, Andrej,  |d 1971-  |4 aut  |9 209065 
245 1 0 |a Relioginistická a teologická interpretácia mýtu  |c Andrej Slodička 
773 0 |t Verba theologica : [odborný časopis teologických inštitútov Univerzity Komenského v Košiciach a v Spišskom Podhradí]  |g Roč. 8, č. 1 (2009), s. 5-11 
954 |a odborná, vedecká literatúra pôvodná (slovenská)  |2 lita 
958 |a OND 
958 |a EUIPO 
958 |a article13 
999 |c 2010883  |d 2012813